| 000 | 00489nam a22001577a 4500 | ||
|---|---|---|---|
| 008 | 230609b |||||||| |||| 00| 0 eng d | ||
| 020 | _a81-7169-521-3 | ||
| 040 |
_aNational Science Library _cNational Science Library |
||
| 080 |
_a62 _bN8 |
||
| 100 |
_aPrasad, H A C _911304 |
||
| 245 |
_aNon-conventional technology based services: _bCapabilities and export opportunities |
||
| 260 |
_aDelhi: _bCommonwealth, _c1998 |
||
| 300 | _axvii, 362p. | ||
| 650 | _aScience | ||
| 942 |
_2udc _cBK |
||
| 999 |
_c41480 _d41480 |
||